Central Library OPAC University of Rajshahi

বাংলাদেশে উচ্চ শিক্ষার প্রসার : (Record no. 77758)

MARC details
000 -LEADER
fixed length control field 01706nam a2200277 a 4500
001 - CONTROL NUMBER
control field 77758
003 - CONTROL NUMBER IDENTIFIER
rucl marc code BD-RjUL
005 - DATE AND TIME OF LATEST TRANSACTION
control field 20211209083023.0
008 - FIXED-LENGTH DATA ELEMENTS--GENERAL INFORMATION
fixed length control field 210106s2010 bg ||||| m||| 00| 0 ben d
035 ## - SYSTEM CONTROL NUMBER
System control number (BD-RjUL)77984
040 ## - CATALOGING SOURCE
Original cataloging agency BD-RjUL
Language of cataloging ben/eng
Modifying agency BD-RjUL
041 ## - LANGUAGE CODE
Language code of text/sound track or separate title ben
082 ## - DEWEY DECIMAL CLASSIFICATION NUMBER
Classification number 378.5492
Author mark and year BAB 2010
Edition number 23
100 ## - MAIN ENTRY--PERSONAL NAME
Personal name বানু, মোছা. নাছিমা আখতার
9 (RLIN) 243344
245 10 - TITLE STATEMENT
Title বাংলাদেশে উচ্চ শিক্ষার প্রসার :
Remainder of title সমস্যা ও সম্ভাবনা /
Statement of responsibility, etc. মোছা. নাছিমা আখতার বানু ;
Linkage গবেষণা তত্বাবধায়ক : মোহাম্মদ শাফি
260 ## - PUBLICATION, DISTRIBUTION, ETC. (IMPRINT)
Place of publication, distribution, etc. রাজশাহী :
Name of publisher, distributor, etc. ইতিহাস বিভাগ, রাজশাহী বিশ্ববিদ্যালয়,
Date of publication, distribution, etc. ২০১০
300 ## - PHYSICAL DESCRIPTION
Pagination x, ৩৮৬ পাতা ;
Size ২৮ সেমি.
502 ## - DISSERTATION NOTE
Dissertation note থিসিস (এম. ফিল.)-- ইতিহাস বিভাগ, রাজশাহী বিশ্ববিদ্যালয়, ২০১০
504 ## - BIBLIOGRAPHY, ETC. NOTE
Bibliography, etc গ্রন্থপঞ্জি: পাতা [৩৭০]-৩৮৬
650 ## - SUBJECT ADDED ENTRY--TOPICAL TERM
Topical term or geographic name as entry element শিক্ষা, উচ্চ
Geographic subdivision বাংলাদেশ
General subdivision ইতিহাস
9 (RLIN) 243433
Topical term or geographic name as entry element Education, Higher
Geographic subdivision Bangladesh
General subdivision History
9 (RLIN) 243434
Topical term or geographic name as entry element বিশ্ববিদ্যালয় ও কলেজ
Geographic subdivision বাংলাদেশ
General subdivision প্রশাসন
9 (RLIN) 243435
Topical term or geographic name as entry element Universities and colleges
Geographic subdivision Bangladesh
General subdivision Administration
9 (RLIN) 243436
700 ## - ADDED ENTRY--PERSONAL NAME
Personal name শাফি, মোহাম্মদ, গবেষণা তত্বাবধায়ক
942 ## - ADDED ENTRY ELEMENTS (KOHA)
Source of classification or shelving scheme Dewey Decimal Classification
Koha item type Theses
Holdings
Lost status Source of classification or shelving scheme Damaged status Not for loan Collection code Permanent Location Current Location Shelving location Date acquired Source of acquisition Total Checkouts Full call number Date last seen Copy number Koha item type
  Dewey Decimal Classification   Not For Loan Theses Central Library, University of Rajshahi Central Library, University of Rajshahi Documentation Section 06/06/2011 Controller of Exam. , R. U.   BTHE 378.5492 BAB 2010 06/01/2021 C-1 Theses